000 005290000a22001570004500
008 100902t xxu||||| |||| 00| 0 eng d
082 _a26882
090 _c26882
_d26882
100 _aBwire,Mathias
_946694
245 _aAn empirical study of quality of customer services offered at CERUDEB /
_cBwire Mathias
260 _aNkozi :
_bUganda Martyrs University,
_c2002
300 _a59 p. ;
_c30 cm.
500 _aMaster of Business Administration and Management
650 _aCustomer service
_935012
942 _cMASTER DIS
_2ddc
999 _c26882
_d26882